MARC

LEADER 00000nam0a2200000 4500
001 159138
005 20231031154941.0
020 |a RU  |b 85-71604 
035 |a (RuTPU)RU\TPU\book\172587 
090 |a 159138 
100 |a 20090505d1985 k y0rusy5003 ca 
101 0 |a rus 
102 |a RU 
105 |a y z 010zy 
200 1 |a Теория параметрического воздействия электромагнитного излучения большой мощности на твердое тело  |f Во Хонг Ань 
210 |a Москва  |c Наука  |d 1985 
215 |a 196 с. 
606 1 |a Твердые тела  |x Действие ионизирующих излучений  |2 stltpush  |3 (RuTPU)RU\TPU\subj\58640 
610 1 |a электромагнитное излучение 
610 1 |a теория 
610 1 |a электрон-фононные системы 
610 1 |a решеточная симметрия 
610 1 |a анизотропные полупроводники 
610 1 |a кристаллы 
610 1 |a параметрические взаимодействия 
610 1 |a возбуждение волн 
610 1 |a распространение 
610 1 |a квантовая теория 
610 1 |a корреляционные функции 
675 |a 539.2:539.1  |v 3 
700 1 |a Во Хонг Ань  |4 070 
801 0 |a RU  |b RuMRKP  |c 19950704  |g psbo 
801 1 |a RU  |b 63413507  |c 20090505  |g PSBO 
801 2 |a RU  |b 63413507  |c 20180117  |g PSBO 
942 |c BK